Art moderne, art contemporain.

Saved in:
Bibliographic Details
Corporate Authors: Millon & Associés., Drouot-Richelieu (Firm)
Format: Book
Language:French
Published: Paris : Millon & Associés, 2008.
Subjects:
Tags: Add Tag
No Tags, Be the first to tag this record!
LEADER 01326nam a2200337Ka 4500
001 014397902-7
005 20150602221824.0
008 080714s2008 fr a c 001 0 fre d
033 0 |a 20080630 
035 0 |a ocn233833196 
040 |a NGA  |c NGA 
042 |a scipio 
090 |a D789 
110 2 |a Millon & Associés. 
245 1 0 |a Art moderne, art contemporain. 
260 |a Paris :  |b Millon & Associés,  |c 2008. 
300 |a 135 p.:  |b col. ill. ;  |c 27cm. 
500 |a Includes index. 
500 |a Sale held at Drouot Richelieu, salle 7. 
505 0 |a Œuvres sur papier au tournant du XXème siècle -- Iacovleff -- Orientalisme -- Trois photographies par Brassaï (Gyula Halasz, dit) -- Alfred Reth (Budapest 1884 - France 1966) -- Suzanne Van Damme (Gand 1901 - Ixelles 1986) -- Diego Giacometti (Stampa 1902 - Paris 1985) -- Arman (Armand Fernandez Dit) (1928-2005) -- Pierre Szekely (Budapest 1923-Paris 2001). 
518 |a Place of sale: Paris. 
518 |a Date of sale: June 30, 2008. 
550 |a In association with Drouot Richelieu. 
653 |a Collection de Mr M. 
653 |a Collection de Mme C. 
653 |a Collection de Mme K. (Paris) 
653 |a Collection de Mr S. (Paris) 
655 7 |a Auction catalogs.  |2 aat 
710 2 |a Drouot-Richelieu (Firm) 
988 |a 20150604 
906 |0 OCLC